000 00893nam a22002777a 4500
003 IIN
005 20250328115141.0
008 250328b |||adf|| |||| 001 0 eng d
020 _a9788131267257
_cRs. 1795.00
040 _aIIN
082 _a612
_bWAU
100 _aWagh, Anne
245 _aRoss & Wilson Applied Anatomy and Applied Physiology in Health and Illness
_cAnne Waugh and Allison Grant/ edited by W.M.S Johnson, Priscilla Johnson and S.J. Nalini
246 _aRoss & Wilson Anatomy and Physiology in Health and Illness
250 _a14th ed.
_bSouth Asia Edition
260 _aHaryana
_bElsevier
_c2023
300 _axx, 644 p.
_bcol. ill.
500 _aIncludes Index
650 _aAnatomy
650 _aPhysiology
700 _aGrant, Allison
700 _aJohnson, W.M.S. (ed.)
700 _aJohnson, Priscilla (ed.)
700 _aNalini, S.J. (ed.)
942 _cBOOK
999 _c1711
_d1711